000 01850ngm a2200349 4500
003 dpl
005 20080723110517.0
007 DVD
008 ||||||sp199 xxu|||||c|||| 00| 0 eng d
010 _aDVD-000838-840
024 _aA4254
_c499.00
035 _aDVD-000838-840
040 _aDPL
_cDPL
082 _aDVD / PRIN
245 _aPrincess Stories :
_cWalt Disney Home Entertainment
_h[videorecording] DVD/
_bVolume Three- Beauty Shines From Within
246 _a.
260 _bWalt Disney Home Entertainment
300 _a1 videodisc DVD; (64 min.) :
_bsd., col. ;
_c4 3/4 in.
_fDVD
440 _aWalt Disney Home Entertainment
500 _aSole Distributor in India M/s. Excel Productions Autio Visuals Pvt. Ltd.
500 _aBonus Features: Princess Story Builder Game
500 _a"Once Upon A Time" Begin with you and Disney Princes
500 _aThis DVD is Copy Protected
538 _aDolby Digital 2.0 -English, Thai, Mandarin, Cantonese,Spanish, Portuguese Subtitles: English, Chinese, Bahasa, thai, Spanish, Portuguese
538 _aAspect Ratio: 1.33:1, Presentation type: Full Frame, Presentation Size 4x3, Format DVD 9 Dual Layer Single Sided Disc.
650 _aAnimated Movie
942 _cCF
_2ddc
_hDVD
_mPRIN
999 _c16388
_d16388